Countries the Dalai Lama has visited - Statistics

General Stats
  • This quiz has been taken 51 times
    33 since last reset
  • The average score is 45 of 55
Answer Stats
Continent Country % Correct
North America Canada
100%
North America United States of America
100%
Oceania Australia
95%
Europe France
95%
North America Mexico
95%
Asia/ Europe Russia
95%
Europe Spain
95%
Europe United Kingdom
95%
South America Argentina
90%
South America Brazil
90%
Europe Germany
90%
Asia India
90%
Asia Indonesia
90%
Oceania New Zealand
90%
Europe Austria
86%
South America Chile
86%
South America Colombia
86%
Europe Finland
86%
Europe Italy
86%
Asia Japan
86%
Europe Norway
86%
South America Peru
86%
Europe Portugal
86%
Europe Slovakia
86%
Europe Sweden
86%
Europe Czech Republic
81%
Europe Denmark
81%
Europe Estonia
81%
Europe Hungary
81%
Europe Poland
81%
Europe Slovenia
81%
Europe Vatican City
81%
Europe Belgium
76%
North America Costa Rica
76%
Europe Croatia
76%
Europe Iceland
76%
Europe Ireland
76%
Europe Latvia
76%
Europe Lithuania
76%
Asia Mongolia
76%
Europe Switzerland
76%
Asia Thailand
76%
Europe the Netherlands
76%
Europe Bulgaria
71%
North America Guatemala
71%
Asia Israel
71%
Europe Liechtenstein
71%
Asia Malaysia
71%
North America Nicaragua
71%
Asia Taiwan
71%
North America El Salvador
67%
Africa Nigeria
67%
Africa South Africa
62%
Asia Jordan
52%
Europe San Marino
48%
No matching quizzes found
Score Distribution
Percent of People with Each Score
Percentile by Number Answered
Your Score History
You have not taken this quiz since the last reset